| 000 | 00400 a2200145 4500 | ||
|---|---|---|---|
| 005 | 20250627105831.0 | ||
| 020 | _a0-07-301837-6 | ||
| 082 | _a657.42 MAH | ||
| 100 | _aMAHER, M. W. | ||
| 245 | _aFundamentals of Cost Accounting. | ||
| 260 |
_aNew York, _bMcGraw Hill, _c2006. |
||
| 300 |
_axxvi, 579p.: ill.; picture _bGlossary & Index _c28cm |
||
| 700 | _aLANEN, W. N. [...et al...] | ||
| 942 |
_2ddc _cBKS |
||
| 999 |
_c5594 _d5594 |
||